000 00363nam a2200145Ia 4500
005 20260328104258.0
008 260328s9999||||xx |||||||||||||| ||und||
100 _aGiani, Alejandro
245 0 _aAcústica Arquitectónica /
_cAlejandro Giani
250 _a1a ed.
260 _bNobuko
300 _a151 p.
650 _aACÚSTICA EN ARQUITECTURA
942 _cBK
999 _c10510
_d10510